MARC

LEADER 00000nam0a2200000 4500
001 21293
005 20231101205422.0
010 |a 5020126780 
035 |a (RuTPU)RU\TPU\book\21491 
035 |a BOOK00006184 
090 |a 21293 
100 |a 20011209d1989 km y0rusy50 ca 
101 0 |a rus 
102 |a RU 
105 |a y z 000zy 
200 1 |a Византия и Русь  |e Сборник статей  |f Отв. ред. Г. К. Вагнер 
210 |a Москва  |c Наука  |d 1989 
215 |a 335 с. 
606 1 |a Искусство  |x История  |2 stltpush  |3 (RuTPU)RU\TPU\subj\13188  |9 39839 
610 1 |a искусство 
610 1 |a культура 
610 1 |a древнерусская культура 
610 1 |a Византийская культура 
610 1 |a история 
610 1 |a музыка 
610 1 |a изобразительное искусство 
610 1 |a архитектура 
610 1 |a литература 
610 1 |a эстетическая мысль 
675 |a 7.03  |v 3 
702 1 |a Вагнер  |b Г. К.  |g Георгий Карлович  |4 340 
801 0 |a RU  |b 63413507  |c 20011209  |g PSBO 
801 2 |a RU  |b 63413507  |c 20140915  |g PSBO 
942 |c BK